000 00419nam a2200169Ia 4500
001 20310
003 IN-NITTTR
005 20251114233232.0
008 251113s9999||||xx |||||||||||||| ||eng||
040 _beng
040 _cIN-NITTTR
041 _aeng
082 _a621.31042 S62M
100 _aScaddan, Brian
245 0 _aModern electrical installation :
_b for craft students /
_cScaddan, Brian
942 _2ddc
_cBK
999 _c22944
_d22944